000 00824cam a2200241 a 4500
001 000007503
005 20200929154207.0
008 821218s1979 cu b s000 0 spa
035 _a(DLC) 81203337
040 _aDO-SdBNP
_bspa
_cDLC
_dDLC
_dOCoLC
_dBNPHU
050 0 0 _aPQ8168
_b.M4
082 _a860/.9/9861
_b19
_bM516
100 1 _aMejía Duque, Jaime,
_d1933-2009
_920831
245 1 0 _aEnsayos /
_cJaime Mejía Duque ; edición Dominica Diez.
260 _aCuidad de la Habana, (Cuba) :
_bCasa de las Américas,
_c1979.
300 _a203 p. ;
_c23 cm.
490 1 _aCuadernos casa
_v21
504 _aIncluye referencias bibliográficas.
650 0 _aColombian literature
_y20th century
_xHistory and criticism.
_920832
830 0 _aCuadernos casa ;
_v21
_93339
910 _aCatalogación original noche
049 _aBNGR
999 _c7284
_d7284